Представление документа в формате RUSMARC

ПолеНазваниеЗначение
  Тип записи a
  Библиографический уровень a
001 Контрольный номер RU/CBS_UL/BASE/577027687
005 Дата корректировки 20240209175223.7
100 Данные общей обработки __
a Данные общей обработки 20180414d2018 ||| 0rusy0189 ca
101 Язык документа 0_
a Язык текста rus
102 Страна публикации __
a Страна публикации RU
105 Кодированные данные (монография) __
a Кодированные данные (монография) y###||||000|y
200 Заглавие и сведения об ответственности 1_
a Заглавие Ведьмин рецепт возвращения молодости
b Общее обозначение материала Текст
e Сведения, относящиеся к заглавию [о кровавых событиях, произошедших в начале XX века в Полтавской губернии, связаных с местной ведьмой Натальей Кравченей]
f Первые сведения об ответственности М. Вовк
300 Общие примечания __
a Общие примечания Ограничения по возрасту - 16+
461 Уровень набора _0
1 2000
a Чудеса и приключения
463 Уровень физической единицы _0
1 001RU/CBS_UL/BASE/567278079
1 2000
a № 12
v С. 66-69 : ил.
1 210
d 2017
600 Персоналии _0
a Персоналии (Фамилия) Кравченя
b Персоналии (Имя, инициалы) Н.
606 Тематические рубрики 0_
a Основная рубрика Оккультизм - Украина - Полтавская губерния, 20 в. нач.
y Географическая подрубрика Полтавская губерния
z Хронологическая подрубрика 1905 г.
610 Ключевые слова 0_
a Ключевые слова оккультизм
a Ключевые слова мистика
a Ключевые слова ведьмы
a Ключевые слова колдуньи
a Ключевые слова преступления
a Ключевые слова убийцы серийные
686 Индексы других классификаций __
a Классификационный индекс 86.42
2 Код системы ББК
700 Автор _1
a Фамилия Вовк
b Имя (инициалы) М.
801 Источник записи _0
a Страна RU
b Организация МБУК ЦБС г. Ульяновска
c Дата составления 20180414
g Правила каталогизации RCR
801 Источник записи _1
a Страна RU
b Организация МБУК ЦБС г. Ульяновска
c Дата составления 20180414
g Правила каталогизации RCR
901 Тип документа __
t Тип документа b
w Контрольный № источника RU/CBS_UL/BASE/567278079
910 Корректоры записи __
a Корректор записи Библиотека 1
938 Служебная информация __
a Имя БД period